[Event "FIDE World Cup 2017"]
[Site "Tbilisi"]
[Date "2017.09.05"]
[Round "1.6"]
[White "Nepomniachtchi, Ian"]
[Black "Palac, Mladen"]
[Result "1-0"]
[WhiteElo "2741"]
[BlackElo "2535"]
[Annotator "TA"]
[PlyCount "107"]
[EventDate "2017.??.??"]
[EventType "k.o."]
[EventCountry "GEO"]
[SourceTitle "playchess.com"]
[Source "ChessBase"]
[SourceQuality "1"]

{[%evp 13,107,0,0,0,0,0,7,0,21,0,11,0,0,0,0,0,0,20,18,-8,0,-12,0,0,0,0,0,0,7,1,43,0,20,1,13,0,15,-16,57,57,57,34,77,22,21,18,163,164,196,196,298,292,334,336,323,330,324,325,322,326,370,363,393,401,401,401,395,360,463,466,472,465,461,440,532,521,496,489,557,557,550,548,536,528,872,715,708,693,621,554,1838,2056,1822,1783,2522,2393]} 1. c4 Nf6 2. Nc3 e5 3. Nf3 Nc6 4. g3 Bb4 5. Bg2 O-O 6. O-O d6 7. d3 Re8 {LiveBook: 15 Games. A29: English Opening: Four Knights Variation with 4 g3} (7... h6 8. Bd2 a5 9. Rc1 Re8 10. a3 Bc5 11. Na4 Ba7 12. c5 e4 13. dxe4 Nxe4 14. Be3 Nxc5 15. Nxc5 Bxc5 16. Bxc5 dxc5 17. Qxd8 Nxd8 18. Rxc5 Rxe2 19. Rxc7 {0-1 (53) Nepomniachtchi,I (2751)-Aronian,L (2799) Saint Louis 2017}) 8. Na4 d5 $146 ({Find the theoretical novelty and annotate with similar games:} 8... e4 9. dxe4 Nxe4 10. a3 Ba5 11. b4 Bb6 12. Bb2 Bd7 13. Qc2 Qe7 14. Nc3 Nxc3 15. Qxc3 {0-1 (39) Kjartansson,G (2388)-Petran,P (2361) Budapest 2009}) 9. cxd5 Nxd5 {The position is equal.} 10. Bg5 Qd7 11. Rc1 h6 12. Bd2 Bf8 13. Nc3 Nb6 14. a3 Qd8 15. Ne4 a5 16. Be3 Nd4 17. Nc5 Bxc5 18. Rxc5 Qd6 19. Rc1 c6 20. Nd2 {[%cal Bf3d2,Bd2e4,Be4c5][%mdl 32]} (20. Bxd4 $5 exd4 21. Nd2 $11) 20... Bg4 21. Re1 a4 22. h3 {Black must now prevent Ne4.} (22. Bxd4 $5 exd4 23. Ne4 $11) 22... Be6 23. Ne4 Qe7 24. Nc5 (24. Bxd4 $5 exd4 25. Nc5 $11) 24... Bd5 (24... Bc4 $5) 25. Bxd5 (25. Bxd4 $5 exd4 26. Qc2 $11) 25... cxd5 ({Black should play} 25... Nxd5 $11 26. Bd2 b5) 26. Bxd4 $1 $14 exd4 27. Qd2 Rec8 {[#]} 28. Qb4 (28. b4 $1 $16) 28... Rc6 $11 29. Qxd4 Qc7 (29... Rac8 $11 {and Black has nothing to worry.} 30. b4 axb3 31. Nxb3 Rxc1 32. Nxc1 (32. Rxc1 Rxc1+ 33. Nxc1 Qxa3 $11) 32... Qxa3 33. Qxb6 Rxc1 34. Rxc1 Qxc1+ 35. Kg2 Qc6) 30. Rc3 $18 Ra5 {[%cal Ra5c5]} 31. Rec1 Rb5 (31... Ra8 $142 32. e4 Qe7 33. exd5 Rd8) 32. R1c2 ({Don't play} 32. Nxa4 $6 Nxa4 33. Rxc6 (33. Qxa4 Rxb2 34. Rxc6 bxc6 $16) 33... bxc6 $16) 32... h5 33. Nxa4 Nxa4 34. Rxc6 ({Resist} 34. Qxa4 Rxb2 35. Rxc6 Rb1+ 36. Kg2 bxc6 $18) 34... bxc6 35. Qxa4 {[%mdl 4096] Endgame KQR-KQR} Qb7 36. Qd4 h4 37. gxh4 c5 38. Rxc5 Rxb2 39. Qxd5 Qxd5 40. Rxd5 Rxe2 {KR-KR} 41. a4 {[%cal Ba3a4,Ba4a5,Ba5a6,Ba6a7][%mdl 32] White is clearly winning.} Kf8 42. Kg2 Ke7 43. Kf3 Ra2 44. a5 Ke6 45. Rg5 Kf6 46. Rb5 Ke6 47. h5 Ra4 48. Ke3 Rh4 49. a6 Ra4 50. Rb6+ Kf5 51. Rb7 Kf6 52. a7 Ke6 53. d4 {[%cal Bd3d4,Bd4d5][%mdl 32]} Ra1 {[#]} 54. d5+ $1 {Precision: White = 64%, Black = 38%.} 1-0

[Event "FIDE World Cup 2017"]
[Site "Tbilisi"]
[Date "2017.09.05"]
[Round "1.6"]
[White "Amin, Bassem"]
[Black "Erdos, Viktor"]
[Result "1/2-1/2"]
[WhiteElo "2699"]
[BlackElo "2619"]
[Annotator "TA"]
[PlyCount "119"]
[EventDate "2017.??.??"]
[EventType "k.o."]
[EventCountry "GEO"]
[SourceTitle "playchess.com"]
[Source "ChessBase"]
[SourceQuality "1"]

{[%evp 14,119,0,0,0,0,29,29,39,0,27,0,0,0,0,0,0,0,3,-7,-7,-28,0,0,0,0,0,0,-4,-7,2,7,17,-10,6,10,31,37,35,2,25,8,22,-18,-16,-12,-11,-325,-329,-321,-312,-274,-20,-38,-21,-216,-219,-432,-338,-327,-312,-294,-85,-91,-97,-95,4,4,4,4,4,4,31,31,31,31,49,49,49,49,49,49,49,49,49,0,0,0,49,0,0,2,50,50,81,81,81,50,81,50,50,50,81,81,81,81,81,81]} 1. e4 c5 2. Nf3 Nc6 3. d3 g6 4. g3 Bg7 5. Bg2 Nf6 6. O-O O-O 7. c3 d5 {A05: Réti Opening: 1 Nf3 Nf6} 8. e5 {LiveBook: 9 Games} Nd7 9. d4 cxd4 {The position is equal.} 10. cxd4 Nb6 11. h3 f6 $146 {[%cal Rf6e5]} ({Predecessor:} 11... Bf5 12. Nc3 Rc8 13. Nh4 Be6 14. f4 f5 15. Nf3 {1-0 (41) Nakamura,H (2784)-Morozevich,A (2760) Moscow 2013}) 12. exf6 exf6 13. Nc3 Be6 14. Re1 Qd7 15. h4 Bh3 16. Bh1 Bg4 17. Be3 Qf5 18. Qb1 Rad8 19. Qxf5 Bxf5 20. a3 Be4 21. Rad1 Rfe8 22. Bf4 Kf7 23. Nb5 Bf8 24. Bc7 Rd7 {...Nc4 is the strong threat.} 25. Bxb6 $1 axb6 26. Nd2 {[%cal Rd2e4]} f5 27. Nf3 h6 28. Ne5+ Nxe5 29. dxe5 Rxe5 30. f3 $2 {[%mdl 8192]} (30. Nc3 $11 {and White stays safe.}) 30... Bc2 $19 31. Rxe5 Bxd1 32. f4 d4 $2 ({Don't do} 32... Bc5+ 33. Kf1 $19) ({Black should try} 32... Bb3 $19 33. Nc3 Bc5+ 34. Kh2 d4 35. Bd5+ Rxd5 36. Nxd5 d3) 33. Bd5+ $11 Kg7 {And now ...d3 would win.} 34. b4 $2 (34. Be6 $1 $11 Rd8 35. Bc4) 34... d3 $19 {Strongly threatening ...d2.} 35. Kf2 $2 (35. Be6 {is a better defense.} Rd8 36. Rd5) 35... Ba4 36. Nc3 d2 37. Ke2 {[#]} d1=Q+ $1 {[%mdl 512]} 38. Nxd1 $17 Bxd1+ 39. Kxd1 {[%mdl 4096] Endgame KRB-KRB} Bd6 ({Better is} 39... Be7 $17 {White must now prevent ...Bf6.} 40. Ke1 Bf6) 40. Be6 $11 Bxe5+ 41. Bxd7 {KB-KB} Bb2 42. a4 Bc3 43. b5 Kf6 44. Ke2 h5 45. Bc8 Bb4 46. Bxb7 Bc3 47. Bc6 Bb4 48. Be8 Ba5 49. Kd3 Be1 50. Ke3 Ba5 51. Kd4 Be1 52. Kd5 Bd2 53. Kc6 Ba5 54. Kc7 Kg7 55. Kd6 Kf6 56. Bc6 Be1 57. Kc7 Ba5 58. Bd5 {White is better.} Ke7 {[#]} 59. Bc4 $1 Kf6 60. Kc6 {Precision: White = 44%, Black = 37%.} 1/2-1/2

[Event "FIDE World Cup 2017"]
[Site "Tbilisi"]
[Date "2017.09.05"]
[Round "1.6"]
[White "Adhiban, B."]
[Black "Nguyen, Ngoc Truong Son"]
[Result "1/2-1/2"]
[WhiteElo "2670"]
[BlackElo "2629"]
[Annotator "TA"]
[PlyCount "102"]
[EventDate "2017.??.??"]
[EventType "k.o."]
[EventCountry "GEO"]
[SourceTitle "playchess.com"]
[Source "ChessBase"]
[SourceQuality "1"]

{[%evp 18,102,72,71,86,74,111,83,85,62,131,41,92,91,117,106,98,83,89,60,81,43,83,75,241,263,554,514,780,660,534,295,447,437,487,482,512,336,375,375,347,24,33,0,0,-136,-126,-136,-13,-17,-17,-45,-18,-24,355,355,355,355,355,355,355,355,355,355,355,355,355,355,355,193,204,197,195,0,131,24,24,0,0,0,0,0,0,0,0,0,0]} 1. e4 g6 2. d4 Bg7 3. Nc3 d6 4. f4 a6 5. Nf3 b5 6. Bd3 Nd7 7. a4 {B06: Modern Defence} (7. e5 c5 8. Be4 Rb8 9. Be3 cxd4 10. Bxd4 dxe5 11. fxe5 e6 12. O-O Ne7 13. Qe1 O-O 14. a4 b4 15. Ne2 {0-1 (49) Anand,V (2793)-Caruana,F (2829) London 2014}) 7... b4 8. Ne2 c5 9. c3 bxc3 10. bxc3 {LiveBook: 8 Games} cxd4 11. cxd4 (11. Nexd4 $6 Qc7 $11) 11... Ngf6 12. e5 Nd5 $146 ({Predecessor:} 12... dxe5 13. fxe5 Nd5 14. Be4 Rb8 {0-1 (36) Hynes,A (2132)-Jackson,J (2330) Telford 2016}) 13. O-O Nb4 (13... a5 $14) 14. Bb1 (14. Ng5 $16) 14... O-O (14... a5 $1 $14) 15. a5 $16 Bb7 16. Bd2 $36 {[%mdl 2048] White is on the roll.} Rb8 17. Qe1 Nd5 18. Ng3 Nc7 19. Ne4 Bc6 20. Qh4 Ne6 $2 {[#]} (20... dxe5 $16 {was necessary.} 21. fxe5 h5) 21. f5 $1 $18 {[%cal Rf5e6]} (21. Neg5 Nxg5 22. Nxg5 h6 $15) 21... Bxe4 $2 (21... Rxb1 22. Raxb1 (22. Rfxb1 gxf5 23. Neg5 Nxg5 $16) 22... gxf5) 22. Bxe4 Nxd4 (22... dxe5 $142 23. fxe6 Nf6) 23. Nxd4 Nxe5 24. Bg5 Qd7 (24... Qc7 {was worth a try.} 25. Rad1 Rb4 26. Bxe7 Qc5) 25. Bxe7 Qa7 26. Rad1 Rb4 27. f6 Rxd4 28. Qf2 Bh6 {[%cal Bg7h6,Bh6e3,Be3d4][%mdl 32] ...Ng4 is the strong threat.} 29. Bxf8 $2 ({Less strong is} 29. Rxd4 Ng4 $16) (29. h3 $18 Nc4 30. Rxd4) 29... Ng4 $1 $11 {[%cal Rg4f2]} 30. Qxd4 {Intending Bxh6 and mate.} Be3+ 31. Kh1 (31. Qxe3 $1 $11 Qxe3+ 32. Kh1 Kxf8 33. Bf3 Nxf6 34. Rxd6) 31... Bxd4 $17 32. Bxd6 Bxf6 (32... Nf2+ $17 33. Rxf2 Bxf2) 33. Bg3 $1 $11 Kg7 34. Bd5 h5 35. h3 {[%cal Bh2h3,Bh3g4,Bg4g5][%mdl 32]} h4 $2 {[%mdl 8192]} (35... Nh6 $11) 36. hxg4 $18 hxg3 {[#]} 37. g5 $1 {[%mdl 512]} Qe3 (37... Bxg5 38. Rxf7+) 38. Rxf6 Qxg5 39. Rxf7+ Kh6 {( -> ...Qh5+)} 40. Bf3 Qxa5 41. Rf4 Qe5 42. Rh4+ Kg7 43. Re4 (43. Rhd4 $142) 43... Qg5 44. Rd7+ Kh6 45. Rd1 $2 ({White should try} 45. Rd5 $18 Qc1+ 46. Rd1) 45... a5 (45... Kg7 $1 $11 {remains equal.} 46. Rd7+ Kf6) 46. Ra1 ({White should play} 46. Rc4 $16) 46... Kg7 $11 {White must now prevent ...Qh6+.} 47. Rea4 {Threatens to win with Bg4.} Qh6+ {The position is equal.} 48. Kg1 Qe3+ 49. Kh1 Qh6+ 50. Kg1 Qe3+ 51. Kh1 {And now Bg4 would win.} Qh6+ {Precision: White = 40%, Black = 44%.} 1/2-1/2

[Event "FIDE World Cup 2017"]
[Site "Tbilisi"]
[Date "2017.09.05"]
[Round "1.6"]
[White "Dubov, Daniil"]
[Black "Fridman, Daniel"]
[Result "1-0"]
[WhiteElo "2666"]
[BlackElo "2625"]
[Annotator "TA"]
[PlyCount "80"]
[EventDate "2017.??.??"]
[EventType "k.o."]
[EventCountry "GEO"]
[SourceTitle "playchess.com"]
[Source "ChessBase"]
[SourceQuality "1"]

{[%evp 13,80,8,19,-5,16,0,30,10,19,16,48,47,55,37,99,95,100,101,101,99,132,67,189,204,213,211,213,213,231,231,318,220,220,220,220,220,255,257,248,211,350,350,354,260,260,260,260,260,260,260,260,260,507,260,251,0,527,198,526,512,541,483,863,827,2150,2067,1239,1191,1191]} 1. e4 e5 2. Nf3 Nf6 3. Nxe5 d6 4. Nf3 Nxe4 5. Nc3 Nxc3 6. dxc3 Be7 7. Be3 O-O {LiveBook: 240 Games} 8. Bc4 {C42: Petroff Defence: 3 Nxe5 and unusual White 3rd moves} (8. Bd3 Nc6 9. Qe2 Bg4 10. h3 Bxf3 11. Qxf3 Ne5 12. Qxb7 Rb8 13. Qxa7 Rxb2 14. O-O Bf6 15. a4 Qc8 {½-½ (39) Anand,V (2783)-So,W (2810) Leon 2017}) 8... Nc6 9. Qe2 Bf6 $146 ({Find the theoretical novelty and annotate with similar games:} 9... Bf5 10. O-O-O a6 {0-1 (10) Emelyanov,A (2062)-Norman,N (2047) ICCF email 2010}) 10. O-O-O {White has an edge.} Re8 11. h3 Be6 12. Bxe6 Rxe6 13. g4 Bg5 ({Black should play} 13... Ne7 $14) 14. Nxg5 $16 Qxg5 15. Bxg5 Rxe2 16. Be3 $1 Ne5 {[#]} 17. b3 ({White should try} 17. Rd4 $1 $16) 17... h5 (17... Nf3 $14) 18. gxh5 $18 Nf3 19. Rdf1 Re8 20. h4 ({Don't take} 20. Kd1 $6 R8xe3 21. fxe3 Rxe3 $16) 20... Nh2 {[#]} 21. Rfg1 $1 {[%cal Rg1g3] Rg3 is the strong threat.} ({Stronger than} 21. Rxh2 R8xe3 22. Kd1 (22. fxe3 Rxh2 23. Rf4 Kf8 $11) 22... Re5 $11) 21... f5 22. Kd1 ({Weaker is} 22. Bxa7 Ng4 $16) 22... R2xe3 23. fxe3 {[%mdl 4096] Endgame KRR-KRN} Ng4 24. Kd2 Kh7 25. Rf1 Re5 26. Rf3 Kh6 (26... Nf6 {might work better.} 27. Rg1 b5) 27. e4 fxe4 28. Rg3 Nf6 29. Rg6+ Kh7 30. Rg5 Re7 31. Ke3 Kh6 32. Rf1 Nh7 $2 (32... Rf7 {is a better defense.} 33. Rff5 Re7) 33. Rgf5 Nf6 34. Rg5 $2 (34. a4) 34... Nh7 $1 35. Rg6+ Kxh5 36. Rfg1 {White is clearly winning.} Nf6 37. Rxg7 Re6 (37... Rxg7 $142 38. Rxg7 Kh6) 38. c4 c5 39. R1g5+ Kh6 40. R7g6+ Kh7 {Precision: White = 78%, Black = 39%.} 1-0

[Event "FIDE World Cup 2017"]
[Site "Tbilisi"]
[Date "2017.09.05"]
[Round "1.6"]
[White "Lenic, Luka"]
[Black "Fressinet, Laurent"]
[Result "1-0"]
[WhiteElo "2646"]
[BlackElo "2657"]
[Annotator "TA"]
[PlyCount "97"]
[EventDate "2017.??.??"]
[EventType "k.o."]
[EventCountry "GEO"]
[SourceTitle "playchess.com"]
[Source "ChessBase"]
[SourceQuality "1"]

{[%evp 12,97,31,42,58,38,39,27,37,40,33,41,47,41,54,47,45,47,60,-14,0,0,90,83,92,86,110,100,150,138,143,94,81,79,92,95,186,162,167,167,170,170,167,161,163,163,154,104,214,224,255,234,193,109,302,207,335,356,352,359,315,258,273,243,275,181,303,290,395,379,530,541,511,500,678,666,1200,1196,1104,1145,1116,1066,5714,5606,2640,2355,2355,657]} 1. d4 d6 2. Nf3 Nf6 3. c4 g6 4. Nc3 Bf5 5. d5 Bg7 6. Nd4 {E61: King's Indian: Early deviations for White, including Smyslov System} Bd7 7. e4 {LiveBook: 50 Games} c5 8. Nf3 {White is slightly better.} O-O 9. Be2 e6 10. O-O exd5 11. exd5 Re8 12. Bf4 $146 {[%mdl 2048] White has some pressure.} ({Predecessor:} 12. h3 Na6 13. a3 Nc7 {0-1 (30) Buhmann,R (2625)-Vitiugov,N (2724) Moscow 2017}) 12... Qb6 13. Qd2 Bf5 14. Rae1 Na6 15. h3 (15. Nh4 $14 Bd7 16. a3) 15... Nb4 $1 $11 16. Nh4 Bd7 (16... Ne4 $11 17. Nxe4 Bxe4) 17. a3 $16 Na6 18. Bd3 Nc7 19. Nf3 a6 20. Rb1 a5 21. a4 Na6 22. Rbe1 Nb4 23. Bb1 Bf8 (23... Na6 $16) 24. Ng5 Qd8 25. Nge4 Bf5 26. Nxf6+ Qxf6 27. Bg5 Qd4 28. Bxf5 gxf5 29. b3 Qg7 (29... Qxd2 $16 30. Bxd2 Rxe1 31. Rxe1 Nc2) 30. Bf4 $18 Qg6 31. Nb5 Re4 32. f3 (32. Re3 $18 Rxe3 33. Qxe3) 32... Ree8 $2 {[#]} (32... Rxf4 $16 33. Qxf4 Nd3) 33. Kh2 h5 (33... Rab8 {keeps fighting.} 34. Rd1 b6) 34. Nc7 Rxe1 35. Rxe1 Rc8 36. Nb5 Kh7 37. Kh1 Rd8 38. Re3 Bg7 (38... Bh6 $142 39. Bxh6 Qxh6) 39. Re7 {[%cal Be3e7,Be7b7,Bb7d7][%mdl 32]} Bf8 40. Rxb7 Re8 41. Rd7 {White is clearly winning.} Qf6 42. Nxd6 Qa1+ 43. Kh2 Re1 44. Rxf7+ Kg8 {[#]} 45. Rxf8+ $1 Kxf8 46. Bh6+ Ke7 47. Qg5+ Kxd6 48. Qd8+ Ke5 49. Bg7+ {Precision: White = 77%, Black = 45%.} 1-0

[Event "FIDE World Cup 2017"]
[Site "Tbilisi"]
[Date "2017.09.05"]
[Round "1.6"]
[White "Areshchenko, Alexander"]
[Black "Demchenko, Anton"]
[Result "0-1"]
[WhiteElo "2645"]
[BlackElo "2650"]
[Annotator "TA"]
[PlyCount "108"]
[EventDate "2017.??.??"]
[EventType "k.o."]
[EventCountry "GEO"]
[SourceTitle "playchess.com"]
[Source "ChessBase"]
[SourceQuality "1"]

{[%evp 23,108,11,35,16,23,0,18,18,17,2,18,0,0,-28,24,-11,13,16,37,0,0,0,18,0,37,27,100,100,197,195,436,71,106,12,118,126,337,337,338,187,192,-377,-367,-364,-139,-153,-143,-164,-164,-255,-254,-260,-255,-241,-243,-268,-234,-289,-281,-388,-386,-389,-306,-412,-320,-495,-477,-609,-498,-591,-570,-609,-608,-735,-718,-948,-936,-941,-938,-957,-931,-2075,-1934,-2256,-1205,-5812,-2966]} 1. e4 c5 2. Nf3 d6 3. d4 cxd4 4. Nxd4 Nf6 5. Nc3 Nc6 6. Bg5 e6 7. Qd2 a6 8. O-O-O Bd7 9. f3 Nxd4 10. Qxd4 Be7 11. h4 Qc7 {B67: Sicilian: Richter-Rauzer: 7...a6 8 0-0-0 Bd7, lines without 9 f4 Be7} 12. Kb1 b5 {LiveBook: 6 Games} 13. Qd2 b4 {The position is equal.} 14. Ne2 a5 {[#]} 15. g4 $146 ({Predecessor:} 15. Nd4 Rb8 16. Bd3 a4 {1-0 (42) Berg,E (2592)-Holst,C (2161) Helsingor 2008}) 15... h5 16. gxh5 (16. Bxf6 $5 Bxf6 17. g5 $14) 16... Nxh5 17. Nd4 Rb8 18. Bh3 g6 (18... a4 $142) 19. Rhg1 e5 20. Bxd7+ Qxd7 21. Bxe7 Kxe7 22. Ne2 Qe6 23. Qe3 Rb7 24. Rd5 $36 {[%mdl 2048] White has some pressure.} Ra8 (24... a4 $11) 25. Rgd1 $16 Ra6 (25... Rd7 $16) 26. f4 $1 $18 Nf6 $2 (26... exf4 27. Nxf4 Nxf4 28. Qxf4 Qf6) 27. R5d3 $2 (27. Qd3 $18 {is the precise move to win.} Nxd5 28. Qxa6) 27... Rc7 {[#]} 28. fxe5 (28. h5 $1 $16 {[%mdl 512]}) 28... dxe5 (28... Qxe5 $11 29. Nd4 a4) 29. Qg5 $16 {Hoping for h5!} Qc4 $2 {[#]} (29... Rcc6 $16) 30. Nc3 $1 $18 {[%cal Rc3d5][%mdl 512]} Kf8 (30... bxc3 31. Rxc3) 31. Qh6+ (31. Rd8+ $142 Kg7 32. Rh8) 31... Ke7 32. Rd8 $4 {[%mdl 8192]} (32. h5 $18 {avoids the disaster.}) 32... Ke6 $19 33. Qf8 {R8d6+ would kill now.} Qc5 $2 ({Not} 33... Qc6 34. Ne2 $17 (34. Nb5 $2 {is a self mate.} Qxc2+ 35. Ka1 Qc1+ 36. Rxc1 Rxc1#)) (33... Nxe4 $19 {and Black stays clearly on top.} 34. Qe8+ Re7) 34. Qxc5 Rxc5 35. Nd5 Nxd5 36. exd5+ {[%mdl 4096] Endgame KRR-KRR} (36. R1xd5 $142 Rxd5 37. exd5+ Ke7 38. Rb8) 36... Ke7 37. Rb8 {[#]} Rd6 $1 38. Rb7+ Rd7 39. d6+ Ke6 40. Rb8 Rxd6 {[%cal Rd6d1]} 41. Rf1 f5 42. Rg1 Kd5 43. Rg8 Rcc6 44. Kc1 (44. c3 {is a better defense.}) 44... e4 {[%cal Be5e4,Be4e3][%mdl 32] Black is clearly winning.} 45. Ra8 Ra6 46. Re8 Re6 47. Rd1+ Ke5 48. Rb8 e3 49. c4 bxc3 50. bxc3 Rad6 51. Re1 f4 {[%cal Bf5f4,Bf4f3][%mdl 32]} 52. Kc2 Ke4 53. c4 f3 54. Rb3 e2 {Precision: White = 18%, Black = 41%.} 0-1

[Event "FIDE World Cup 2017"]
[Site "Tbilisi"]
[Date "2017.09.05"]
[Round "1.6"]
[White "Salgado Lopez, Ivan"]
[Black "Jobava, Baadur"]
[Result "1-0"]
[WhiteElo "2627"]
[BlackElo "2702"]
[Annotator "TA"]
[PlyCount "71"]
[EventDate "2017.??.??"]
[EventType "k.o."]
[EventCountry "GEO"]
[SourceTitle "playchess.com"]
[Source "ChessBase"]
[SourceQuality "1"]

{[%evp 13,71,52,60,49,75,77,83,81,81,39,33,37,70,31,31,35,49,46,47,47,53,37,36,17,31,25,19,0,22,6,14,4,23,15,8,0,-4,-62,-41,-68,-71,-106,-43,-79,0,0,0,0,81,93,93,96,980,978,919,916,29990,29991,29994,29995]} 1. e4 e6 2. d4 d5 3. Nc3 dxe4 4. Nxe4 Bd7 5. Nf3 Bc6 6. Bd3 Nd7 7. c3 h6 {LiveBook: 3 Games. C10: French with 3 Nc3: Unusual Black 3rd moves and 3...dxe4} (7... Ndf6 8. Nxf6+ gxf6 9. O-O Ne7 10. c4 Qd7 11. Be3 Bg7 12. Qe2 O-O 13. Rad1 Rfe8 14. h4 Rad8 15. h5 {0-1 (40) Areshchenko,A (2677)-Jobava,B (2713) Chartres 2017}) 8. Bf4 Be7 9. Qe2 Ngf6 $146 {White is better.} ({Find the theoretical novelty and annotate with similar games:} 9... b6 10. O-O Ngf6 11. Ng3 O-O 12. Rfe1 Bb7 13. Rad1 Qc8 14. Ne5 c5 15. Nh5 cxd4 16. cxd4 Nxh5 17. Qxh5 {1-0 (23) Valerio,A (1851)-Saleh,N Teheran 2008}) 10. Nxf6+ Bxf6 11. O-O-O Bxf3 12. Qxf3 Bg5 13. Kb1 Bxf4 14. Qxf4 c6 15. h4 Nf6 16. Qg3 Rg8 17. Rhe1 Qb8 18. f4 g5 19. hxg5 hxg5 20. Qh3 Qxf4 21. Rf1 Qg4 {Black wants to play ...Qxh3.} 22. Qh2 {Strongly threatening Qc7.} O-O-O 23. Rde1 Rh8 24. Qe5 Nd7 25. Qa5 (25. Qe3 $11) 25... Qxg2 {...Rh2 is the strong threat.} 26. Qxa7 ({Don't blunder} 26. Rxf7 $2 Qd2 $19) 26... Rh2 {[%csl Gh2][%cal Rg2b2]} 27. Qa3 Nb6 (27... Qg3 $17 28. Rd1 Qg4) 28. Be4 {[#]} Qd2 (28... Qg3 $1 $17 29. Qb3 Nd5 30. Bxd5 Rxd5) 29. Rd1 $11 Qe3 {[#]} 30. Bxc6 $1 {[%mdl 512]} bxc6 (30... Qe2 $11 31. Qb4 (31. Bf3 Qb5 $11) 31... bxc6 32. Qxb6 Rd7) 31. Qa6+ $16 Kc7 32. Qa7+ ({Don't play} 32. Rxf7+ $6 Nd7 $11) 32... Kd6 $2 {[%mdl 8192]} (32... Kc8 $16) 33. Qxb6 $18 {[%cal Rb6d8]} Rd7 34. Qb8+ Rc7 35. Rxf7 Qe4+ 36. Ka1 {Precision: White = 57%, Black = 58%.} 1-0

[Event "FIDE World Cup 2017"]
[Site "Tbilisi"]
[Date "2017.09.05"]
[Round "1.6"]
[White "Tari, Aryan"]
[Black "Howell, David W L"]
[Result "1-0"]
[WhiteElo "2588"]
[BlackElo "2701"]
[Annotator "TA"]
[PlyCount "59"]
[EventDate "2017.??.??"]
[EventType "k.o."]
[EventCountry "GEO"]
[SourceTitle "playchess.com"]
[Source "ChessBase"]
[SourceQuality "1"]

{[%evp 13,59,0,0,0,64,49,46,39,144,133,121,123,315,291,300,230,231,231,623,557,491,208,220,226,197,176,205,207,396,363,711,547,1739,1692,1639,1426,2328,2165,29983,29984,29980,29981,12845,5014,5557,1541,29994,29994]} 1. d4 Nf6 2. c4 e6 3. Nf3 d5 4. Nc3 Be7 5. g3 O-O 6. Bg2 dxc4 7. Ne5 Qd6 {LiveBook: 11 Games. E06: Closed Catalan: Early deviations} 8. O-O c5 $146 (8... Qa6 $11) ({Predecessor:} 8... Qa6 9. a4 Nc6 10. Nb5 Nxe5 11. dxe5 Rd8 12. Qc2 Nd5 13. Qxc4 c6 14. Nd6 Qxc4 15. Nxc4 b6 16. Bd2 Ba6 17. Rfc1 {½-½ (17) Efimenko,Z (2647)-Kravtsiv,M (2623) Lvov 2015}) 9. Bf4 $14 {[#] Threatens to win with Nc6.} Qa6 {White is slightly better.} 10. dxc5 Nbd7 (10... Bxc5 $14 11. Qa4 Qxa4 12. Nxa4 Bd6) 11. b4 $16 Rd8 {Threatening ...Nxe5.} 12. Qc2 g5 $2 (12... Nxe5 $16 13. Bxe5 Ng4) 13. Nxd7 $18 gxf4 14. Ne5 Nd5 15. Rad1 f6 $2 (15... Nxb4 16. Rxd8+ Bxd8) 16. Nxd5 exd5 {[#]} 17. Bxd5+ (17. Ng6 $142 $1 {[%mdl 512]} hxg6 18. Qxg6+ Kf8 19. Rxd5) 17... Rxd5 18. Rxd5 fxe5 19. Rxe5 Qf6 20. Qxc4+ Kg7 $2 (20... Qf7 {was necessary.} 21. Qxf4 Qxf4 22. gxf4 Bf6) 21. Qe4 Bf8 $2 (21... Kf8 22. Rc1 (22. gxf4 Qg6+ 23. Qxg6 hxg6 $16) (22. Qxf4 Qxf4 23. gxf4 Bd7 $18) 22... Bd7 23. Qxb7 (23. gxf4 Qg7+ 24. Qg2 Qxg2+ 25. Kxg2 a5 $16) 23... Bc6) 22. Rd1 Bg4 23. Qxb7+ Kg8 24. Rdd5 fxg3 25. hxg3 Rd8 26. Rg5+ {[%cal Be5g5,Bg5g4,Bg4f4][%mdl 32]} Kh8 27. Rxg4 Re8 28. Rf4 Qe6 29. Qf7 Qxe2 30. Rd7 {Precision: White = 80%, Black = 19%.} 1-0